[Event "zonal 1.4"]
[Site "Odorheiu Secuiesc ROM"]
[Date "1995.03.??"]
[Round "1"]
[White "Matlak, Marek"]
[Black "Marin, Mihail"]
[Result "0-1"]
[WhiteElo "2465"]
[BlackElo "2540"]
[EventDate "1995.03.17"]
[PlyCount "102"]

1.d4 Nf6 2.Nf3 e6 3.Bg5 h6 4.Bh4 d6 5.c3 g5 6.Bg3 Nh5 7.e4 Bg7 8.Nfd2 Nxg3
9.hxg3 Nc6 10.Na3 O-O 11.Bd3 f5 12.exf5 exf5 13.O-O Kh8 14.Re1 a6 15.Nc2 
d5 16.f4 g4 17.Nb3 Qd6 18.Qd2 Ne7 19.Be2 Ng8 20.Nc5 Nf6 21.Nd3 Ne4 22.Qe3 
h5 23.Ne5 Qh6 24.Bd3 Be6 25.Kf1 c5 26.Ke2 cxd4 27.cxd4 Rac8 28.Rac1 Kg8 
29.Na1 Bxe5 30.fxe5 Nxg3+ 31.Kf2 Qxe3+ 32.Kxe3 f4+ 33.Kf2 Ne4+ 34.Kg1 f3 
35.gxf3 gxf3 36.Kh2 f2 37.Red1 Bg4 38.Rxc8 Bxd1 39.Rxf8+ Kxf8 40.Kg2 h4 
41.Nb3 Bxb3 42.axb3 a5 43.Bf1 Ke7 44.Bd3 Kd7 45.Bb5+ Kc7 46.Bf1 Kc6 47.Bd3
b5 48.Be2 b4 49.Bf1 Nd2 50.Kxf2 Nxb3 51.Ke3 a4 0-1

[Event "zonal 1.4"]
[Site "Odorheiu Secuiesc ROM"]
[Date "1995.03.??"]
[Round "1"]
[White "Ionescu, Constantin"]
[Black "Varga, Zoltan"]
[Result "1/2-1/2"]
[WhiteElo "2535"]
[BlackElo "2460"]
[EventDate "1995.03.17"]
[PlyCount "150"]

1.d4 Nf6 2.c4 g6 3.Nc3 Bg7 4.e4 O-O 5.Bg5 d6 6.f3 c5 7.d5 Qa5 8.Bd2 e6 9.
a4 Na6 10.Nge2 Nb4 11.Nc1 Qd8 12.Bg5 h6 13.Be3 Nh7 14.Nd3 f5 15.dxe6 Bxe6 
16.Be2 Bxc4 17.Nxc5 Bf7 18.Nd3 fxe4 19.Nxe4 Nxd3+ 20.Qxd3 d5 21.Ng3 Ng5 
22.O-O Ne6 23.Qd2 Kh7 24.Bd3 d4 25.Bf2 Nc5 26.Bc2 d3 27.Bxc5 dxc2 28.Qxc2 
Rc8 29.Rfd1 Bd4+ 30.Rxd4 Qxd4+ 31.Bxd4 Rxc2 32.Ne4 g5 33.Bc3 Rd8 34.Re1 
Kg6 35.h3 b6 36.Kh2 a5 37.Kg1 Bb3 38.Ng3 Rd6 39.Re7 Rxc3 40.bxc3 Bxa4 41.
Ne4 Rc6 42.Kf2 Bb3 43.Ke3 a4 44.Ra7 b5 45.g4 Bc2 46.Ng3 Kf6 47.Kd2 Bg6 48.
Ne2 Ke5 49.Nd4 Rb6 50.Ke3 Kd5 51.Rd7+ Kc5 52.Rc7+ Kd6 53.Ra7 Be8 54.Kd3 
Bd7 55.Kc2 b4 56.cxb4 Rxb4 57.Kc3 Rb6 58.Kc4 Rb1 59.Ra6+ Ke5 60.Ra5+ Kf4 
61.Ra7 Be8 62.Ra8 Bf7+ 63.Kc3 Rc1+ 64.Kd2 Rc4 65.Kd3 Rb4 66.Kc3 Rc4+ 67.
Kd3 Rb4 68.Kc3 Rb6 69.Rxa4 Bd5 70.Ra5 Bb7 71.Rf5+ Kg3 72.Kd3 Kxh3 73.Ke3 
Bc8 74.Rc5 Bxg4 75.fxg4 Kxg4 1/2-1/2

[Event "zonal 1.4"]
[Site "Odorheiu Secuiesc ROM"]
[Date "1995.03.??"]
[Round "1"]
[White "Babula, Vlastimil"]
[Black "Georgiev, Vladimir"]
[Result "1-0"]
[WhiteElo "2530"]
[BlackElo "2450"]
[EventDate "1995.03.17"]
[PlyCount "99"]

1.d4 d5 2.c4 c6 3.Nf3 Nf6 4.Nc3 e6 5.cxd5 exd5 6.Qc2 Be7 7.Bg5 Nbd7 8.e3 
Nh5 9.h4 Nb6 10.Bd3 h6 11.Bxe7 Qxe7 12.Ne5 Nf6 13.O-O-O Ng4 14.Nxg4 Bxg4 
15.Rde1 O-O-O 16.f3 Be6 17.h5 Kb8 18.Kb1 Rc8 19.g4 c5 20.dxc5 Qxc5 21.Qh2+
Ka8 22.Qe5 Rhd8 23.Qd4 Nc4 24.Qxc5 Rxc5 25.Bxc4 dxc4 26.Rd1 Rb8 27.Rd6 b5 
28.Rc1 b4 29.Ne2 c3 30.Nd4 Bc4 31.Rc6 Bd3+ 32.Ka1 Rxc6 33.Nxc6 Rc8 34.Nd4 
cxb2+ 35.Kxb2 Rxc1 36.Kxc1 Kb7 37.e4 Kb6 38.Kd2 Bc4 39.Nf5 Bxa2 40.Nxg7 f6
41.Ne8 a5 42.Nxf6 a4 43.g5 Kc5 44.gxh6 b3 45.Nd5 b2 46.Nc3 b1=Q 47.Nxb1 
Bg8 48.Kc3 Bh7 49.Na3 Bg8 50.Nc4 1-0

[Event "zonal 1.4"]
[Site "Odorheiu Secuiesc ROM"]
[Date "1995.03.??"]
[Round "1"]
[White "Jansa, Vlastimil"]
[Black "Ninov, Nikolai"]
[Result "1/2-1/2"]
[WhiteElo "2525"]
[BlackElo "2435"]
[EventDate "1995.03.17"]
[PlyCount "117"]

1.e4 c5 2.Nc3 e6 3.Nf3 d6 4.g3 Nf6 5.Bg2 Be7 6.O-O O-O 7.d4 cxd4 8.Nxd4 
Bd7 9.h3 Nc6 10.Nde2 Rb8 11.g4 b5 12.Ng3 b4 13.Nce2 d5 14.exd5 Nxd5 15.
Bxd5 exd5 16.Qxd5 Qc8 17.Be3 Rd8 18.Qe4 Bf6 19.c3 bxc3 20.bxc3 Re8 21.Qf4 
Qa6 22.Nd4 Be5 23.Qf3 Nxd4 24.Bxd4 Bc6 25.Qe3 Bxd4 26.Qxd4 Rbd8 27.Qf4 Qd3
28.Nf5 Qxh3 29.f3 Re2 30.Rf2 Rxf2 31.Kxf2 Bxf3 32.Rg1 Ba8 33.Nd6 Qxc3 34.
Qxf7+ Kh8 35.Rd1 Rb8 36.Qf4 Rb2+ 37.Kf1 Bg2+ 38.Kg1 Qc5+ 39.Qd4 Qxd4+ 40.
Rxd4 h6 41.Nf5 Rxa2 42.Rd8+ Kh7 43.Rd7 Be4 44.Rxg7+ Kh8 45.Re7 Bxf5 46.
gxf5 Kg8 47.Rb7 h5 48.Kh1 a6 49.Ra7 a5 50.Kg1 Ra4 51.Kh2 Rh4+ 52.Kg3 Rg4+ 
53.Kf3 a4 54.f6 Rb4 55.Kg2 Kf8 56.Kg3 Ke8 57.Re7+ Kf8 58.Ra7 Rc4 59.Kh3 
1/2-1/2

[Event "zonal 1.4"]
[Site "Odorheiu Secuiesc ROM"]
[Date "1995.03.??"]
[Round "1"]
[White "Jirovsky, Milos"]
[Black "Groszpeter, Attila"]
[Result "0-1"]
[WhiteElo "2425"]
[BlackElo "2520"]
[EventDate "1995.03.17"]
[PlyCount "88"]

1.c4 g6 2.g3 Bg7 3.Bg2 e5 4.Nc3 f5 5.d3 d6 6.e3 Nf6 7.Nge2 a5 8.Rb1 c6 9.
e4 O-O 10.O-O Na6 11.h3 f4 12.gxf4 Nh5 13.f5 gxf5 14.Ng3 Nf4 15.Bxf4 exf4 
16.Nxf5 Bxf5 17.exf5 Rxf5 18.Be4 Rg5+ 19.Kh1 Nc5 20.Qf3 Bxc3 21.bxc3 d5 
22.Rg1 dxe4 23.Qh5 Ne6 24.Rxg5+ Nxg5 25.Rg1 Kh8 26.Rxg5 exd3 27.Rg1 Qf6 
28.Qf3 Rd8 29.Rd1 d2 30.Kg2 Qf5 31.Kh2 Rd3 32.Qg2 Qg6 33.Qf1 Qe4 34.a4 h6 
35.Qg1 Qf3 36.Qf1 c5 37.Qg2 Qxg2+ 38.Kxg2 Kg7 39.Kf1 f3 40.Kg1 Kf6 41.Kh2 
h5 42.Kg3 Kg5 43.Kh2 Kf4 44.Kg1 Rd8 0-1

[Event "zonal 1.4"]
[Site "Odorheiu Secuiesc ROM"]
[Date "1995.03.??"]
[Round "1"]
[White "Priehoda, Vitezslav"]
[Black "Istratescu, Andrei"]
[Result "1/2-1/2"]
[WhiteElo "2400"]
[BlackElo "2505"]
[EventDate "1995.03.17"]
[PlyCount "74"]

1.d4 Nf6 2.c4 g6 3.Nc3 Bg7 4.e4 O-O 5.f3 c6 6.Be3 d5 7.cxd5 cxd5 8.e5 Ne8 
9.Bd3 Nc6 10.Nge2 f6 11.exf6 Nxf6 12.O-O e5 13.dxe5 Nxe5 14.Bd4 Nc6 15.Bc5
Re8 16.Bb5 Kh8 17.Re1 a6 18.Bxc6 bxc6 19.Qd2 Qc7 20.Rac1 Qf7 21.Na4 Bf5 
22.Bd4 Rac8 23.Nc5 h5 24.Ng3 Kh7 25.Nxf5 gxf5 26.Qd3 Qg6 27.Nb7 Rg8 28.Re6
Bh6 29.Rc2 Rce8 30.Rxf6 Re1+ 31.Kf2 Qxg2+ 32.Kxe1 Re8+ 33.Re2 Qh1+ 34.Kf2 
Qxh2+ 35.Ke1 Qh1+ 36.Kf2 Qh2+ 37.Ke1 Qh1+ 1/2-1/2

[Event "zonal 1.4"]
[Site "Odorheiu Secuiesc ROM"]
[Date "1995.03.??"]
[Round "1"]
[White "Horvath, Csaba"]
[Black "Manik, Mikulas"]
[Result "1-0"]
[WhiteElo "2500"]
[BlackElo "2380"]
[EventDate "1995.03.17"]
[PlyCount "77"]

1.d4 Nf6 2.c4 g6 3.Nc3 Bg7 4.e4 d6 5.Be2 O-O 6.Bg5 c5 7.d5 Nbd7 8.Nf3 a6 
9.O-O h6 10.Bd2 e5 11.dxe6 fxe6 12.h3 b6 13.Be3 Qe7 14.Nh4 Kh7 15.e5 Nxe5 
16.f4 Ne8 17.fxe5 Qxh4 18.exd6 Rxf1+ 19.Bxf1 Qg3 20.Bf2 Qxd6 21.Qf3 Ra7 
22.Rd1 Qe7 23.Qc6 Rc7 24.Qxb6 Nf6 25.Re1 Qf7 26.Bxc5 Rb7 27.Qc6 Rc7 28.Qb6
Rb7 29.Qd8 Bd7 30.b3 Nh5 31.Ne4 Qf5 32.g4 Qf4 33.gxh5 Be5 34.hxg6+ Kg7 35.
Qe7+ Kxg6 36.Re2 Bc6 37.Rg2+ Kf5 38.Ng3+ Qxg3 39.Qf8+ 1-0

[Event "zonal 1.4"]
[Site "Odorheiu Secuiesc ROM"]
[Date "1995.03.??"]
[Round "2"]
[White "Hracek, Zbynek"]
[Black "Babula, Vlastimil"]
[Result "1-0"]
[WhiteElo "2595"]
[BlackElo "2530"]
[EventDate "1995.03.17"]
[PlyCount "43"]

1.e4 c5 2.Nf3 d6 3.d4 cxd4 4.Nxd4 Nf6 5.Nc3 e6 6.Be3 Be7 7.g4 Nc6 8.g5 Nd7
9.h4 O-O 10.Qe2 a6 11.O-O-O Nxd4 12.Bxd4 b5 13.Bh3 Qa5 14.g6 hxg6 15.h5 b4
16.hxg6 bxc3 17.Bf5 fxg6 18.Bxe6+ Rf7 19.Qc4 Ne5 20.Bxf7+ Nxf7 21.Rh8+ 
Kxh8 22.Qxf7 1-0

[Event "zonal 1.4"]
[Site "Odorheiu Secuiesc ROM"]
[Date "1995.03.??"]
[Round "2"]
[White "Varga, Zoltan"]
[Black "Jansa, Vlastimil"]
[Result "1-0"]
[WhiteElo "2460"]
[BlackElo "2525"]
[EventDate "1995.03.17"]
[PlyCount "77"]

1.d4 Nf6 2.c4 g6 3.f3 d5 4.cxd5 Nxd5 5.e4 Nb6 6.Nc3 Bg7 7.Be3 O-O 8.Qd2 
Nc6 9.O-O-O e5 10.d5 Nd4 11.Nb5 Nxb5 12.Bxb5 Bd7 13.Be2 c6 14.dxc6 Bxc6 
15.Qxd8 Rfxd8 16.Nh3 Rdc8 17.Kb1 Bd7 18.Bxb6 Bxh3 19.gxh3 axb6 20.Rd7 Bh6 
21.Rxb7 Rc6 22.Rd1 Be3 23.a4 Rf6 24.Rd3 Bd4 25.Bd1 Rd8 26.Re7 Rf4 27.b4 
Rh4 28.Bb3 Rf8 29.a5 bxa5 30.bxa5 Rxh3 31.a6 Kh8 32.a7 Rxh2 33.Rxd4 exd4 
34.Rb7 Rh1+ 35.Kb2 Rh2+ 36.Ka3 Rh5 37.Kb4 Re5 38.Ba4 d3 39.Rb8 1-0

[Event "zonal 1.4"]
[Site "Odorheiu Secuiesc ROM"]
[Date "1995.03.??"]
[Round "2"]
[White "Istratescu, Andrei"]
[Black "Delchev, Alexander"]
[Result "1/2-1/2"]
[WhiteElo "2505"]
[BlackElo "2450"]
[EventDate "1995.03.17"]
[PlyCount "24"]

1.e4 e5 2.Nc3 Nf6 3.Nf3 Nc6 4.Bb5 Nd4 5.Ba4 Nxf3+ 6.Qxf3 c6 7.O-O d6 8.h3 
Be7 9.Ne2 O-O 10.c3 d5 11.d3 Bd6 12.Ng3 Nd7 1/2-1/2

[Event "zonal 1.4"]
[Site "Odorheiu Secuiesc ROM"]
[Date "1995.03.??"]
[Round "2"]
[White "Georgiev, Vladimir"]
[Black "Nevednichy, Vladislav"]
[Result "1-0"]
[WhiteElo "2450"]
[BlackElo "2485"]
[EventDate "1995.03.17"]
[PlyCount "69"]

1.e4 c5 2.Nf3 d6 3.d4 cxd4 4.Nxd4 Nf6 5.Nc3 Nc6 6.g3 Bg4 7.f3 Bd7 8.Be3 a6
9.Qd2 e6 10.g4 Nxd4 11.Bxd4 Bc6 12.O-O-O b5 13.g5 Nd7 14.h4 b4 15.Ne2 a5 
16.Kb1 Qc7 17.Nc1 a4 18.h5 e5 19.Be3 Be7 20.Bc4 Nb6 21.Bxb6 Qxb6 22.g6 
fxg6 23.hxg6 h5 24.Bf7+ Kd8 25.Nd3 Rb8 26.Nxe5 Kc7 27.Qf4 Qc5 28.Nxc6 Qxc6
29.Rd4 Rb5 30.Rc4 Rc5 31.Bd5 Qb5 32.Rxc5+ Qxc5 33.Qf7 Kd8 34.Qxg7 Rf8 35.
Qh6 1-0

[Event "zonal 1.4"]
[Site "Odorheiu Secuiesc ROM"]
[Date "1995.03.??"]
[Round "2"]
[White "Gdanski, Jacek"]
[Black "Mozny, Milos"]
[Result "1-0"]
[WhiteElo "2490"]
[BlackElo "2435"]
[EventDate "1995.03.17"]
[PlyCount "45"]

1.e4 c5 2.Nc3 e6 3.Nf3 d6 4.d4 cxd4 5.Nxd4 Nf6 6.Bc4 a6 7.Bb3 b5 8.O-O Be7
9.Qf3 Qb6 10.Be3 Qb7 11.Qg3 Bd7 12.Nf5 exf5 13.Qxg7 Rf8 14.Bg5 Ng8 15.Bxe7
Nxe7 16.Nd5 Ng8 17.exf5 Nc6 18.Rfe1+ Ne5 19.Nf6+ Nxf6 20.Qxf6 Bc6 21.Rad1 
Rg8 22.Rxe5+ dxe5 23.Bxf7+ 1-0

[Event "zonal 1.4"]
[Site "Odorheiu Secuiesc ROM"]
[Date "1995.03.??"]
[Round "2"]
[White "Markowski, Tomasz"]
[Black "Jirovsky, Milos"]
[Result "1/2-1/2"]
[WhiteElo "2470"]
[BlackElo "2425"]
[EventDate "1995.03.17"]
[PlyCount "64"]

1.b3 d5 2.Bb2 Nf6 3.e3 c6 4.Be2 Nbd7 5.Nf3 g6 6.O-O Bg7 7.c4 O-O 8.Qc2 b6 
9.d3 Bb7 10.Nbd2 e6 11.b4 Qe7 12.a4 a5 13.bxa5 Rxa5 14.Nb3 Ra7 15.cxd5 
Nxd5 16.Bxg7 Kxg7 17.a5 Rfa8 18.axb6 Rxa1 19.Rxa1 Rxa1+ 20.Nxa1 Qb4 21.Qb3
c5 22.Qxb4 Nxb4 23.Nb3 Ba6 24.Nfd2 f5 25.e4 Kf6 26.Kf1 Ke7 27.exf5 exf5 
28.Nc4 Nd5 29.b7 Bxb7 30.Nca5 Ba6 31.d4 Bxe2+ 32.Kxe2 cxd4 1/2-1/2

[Event "zonal 1.4"]
[Site "Odorheiu Secuiesc ROM"]
[Date "1995.03.??"]
[Round "2"]
[White "Manik, Mikulas"]
[Black "Matlak, Marek"]
[Result "1/2-1/2"]
[WhiteElo "2380"]
[BlackElo "2465"]
[EventDate "1995.03.17"]
[PlyCount "36"]

1.e4 e6 2.d4 d5 3.Nd2 Nf6 4.e5 Nfd7 5.Bd3 c5 6.c3 Nc6 7.Ne2 Qb6 8.Nf3 cxd4
9.cxd4 f6 10.exf6 Nxf6 11.O-O Bd6 12.Nc3 O-O 13.Re1 Bd7 14.Bg5 Kh8 15.Na4 
Qa5 16.Nc3 Qb6 17.Na4 Qa5 18.Nc3 Qb6 1/2-1/2

[Event "zonal 1.4"]
[Site "Odorheiu Secuiesc ROM"]
[Date "1995.03.??"]
[Round "3"]
[White "Ionescu, Constantin"]
[Black "Marin, Mihail"]
[Result "1/2-1/2"]
[WhiteElo "2535"]
[BlackElo "2540"]
[EventDate "1995.03.17"]
[PlyCount "26"]

1.c4 g6 2.g3 Bg7 3.Bg2 c5 4.Nc3 Nc6 5.e3 e6 6.Nge2 Nge7 7.O-O O-O 8.d4 
cxd4 9.Nxd4 d5 10.cxd5 Nxd4 11.exd4 Nxd5 12.Nxd5 exd5 13.Be3 Be6 1/2-1/2

[Event "zonal 1.4"]
[Site "Odorheiu Secuiesc ROM"]
[Date "1995.03.??"]
[Round "3"]
[White "Babula, Vlastimil"]
[Black "Ninov, Nikolai"]
[Result "0-1"]
[WhiteElo "2530"]
[BlackElo "2435"]
[EventDate "1995.03.17"]
[PlyCount "86"]

1.d4 d5 2.c4 e6 3.Nc3 c6 4.Nf3 dxc4 5.a4 Bb4 6.e3 b5 7.Bd2 Bb7 8.b3 a5 9.
bxc4 Bxc3 10.Bxc3 b4 11.Bb2 c5 12.Bd3 Nf6 13.Nd2 O-O 14.O-O Nbd7 15.Qe2 
Qc7 16.f4 Rfe8 17.h3 cxd4 18.exd4 Rad8 19.Nb3 Ba6 20.Rac1 Bb7 21.g4 Nb6 
22.Nc5 Ba8 23.g5 Nfd7 24.Ne4 Nxa4 25.Ba1 b3 26.c5 Rb8 27.Nd6 b2 28.Bxh7+ 
Kf8 29.Qh5 Ndxc5 30.dxc5 bxa1=Q 31.Rxa1 Qxc5+ 32.Rf2 Qxd6 33.Rxa4 Qc6 34.
Re4 Qc1+ 35.Kg2 Rb4 36.Qf3 Rd8 37.Kg3 Bxe4 38.Bxe4 a4 39.Kh4 Rdd4 40.Re2 
e5 41.fxe5 Rxe4+ 42.Rxe4 Qe1+ 43.Kh5 Qxe4 0-1

[Event "zonal 1.4"]
[Site "Odorheiu Secuiesc ROM"]
[Date "1995.03.??"]
[Round "3"]
[White "Georgiev, Vladimir"]
[Black "Istratescu, Andrei"]
[Result "0-1"]
[WhiteElo "2450"]
[BlackElo "2505"]
[EventDate "1995.03.17"]
[PlyCount "80"]

1.e4 c5 2.Nf3 d6 3.d4 cxd4 4.Nxd4 Nf6 5.Nc3 Nc6 6.g3 g6 7.Nde2 h5 8.h3 Bd7
9.Bg2 Qc8 10.b3 Bg7 11.Bb2 O-O 12.Qd2 a5 13.a3 b5 14.Nd5 Nxe4 15.Qc1 Nf6 
16.Nb6 Qc7 17.Nxa8 Rxa8 18.O-O Rc8 19.Re1 Bf5 20.c4 Qd7 21.Nf4 e5 22.Nd5 
Nxd5 23.Bxd5 Ne7 24.Qe3 Bxh3 25.Rad1 Nxd5 26.cxd5 Kh7 27.Bc1 Bg4 28.f3 Bf5
29.Bd2 Bc2 30.Rc1 Qh3 31.Qf2 Bxb3 32.Bxa5 Rxc1 33.Rxc1 Bh6 34.Re1 Bxd5 35.
Bb4 Qe6 36.Rd1 e4 37.fxe4 Qxe4 38.Kh2 Be3 39.Qb2 Qf3 40.Rb1 Bf2 0-1

[Event "zonal 1.4"]
[Site "Odorheiu Secuiesc ROM"]
[Date "1995.03.??"]
[Round "3"]
[White "Delchev, Alexander"]
[Black "Gdanski, Jacek"]
[Result "1/2-1/2"]
[WhiteElo "2450"]
[BlackElo "2490"]
[EventDate "1995.03.17"]
[PlyCount "71"]

1.d4 Nf6 2.c4 c5 3.d5 d6 4.Nc3 g6 5.e4 Bg7 6.Bd3 O-O 7.h3 e6 8.Nf3 exd5 9.
exd5 a6 10.O-O b5 11.cxb5 Bb7 12.Bf4 Nxd5 13.Nxd5 Bxd5 14.Bxg6 Bxf3 15.
Qxf3 fxg6 16.Qxa8 Rxf4 17.bxa6 Rf8 18.Rad1 Bd4 19.Qd5+ Kg7 20.Rxd4 cxd4 
21.Qxd4+ Qf6 22.Qa7+ Qf7 23.Qb6 d5 24.b4 Qf6 25.Qb7+ Qf7 26.Qb6 Qf6 27.
Qxf6+ Kxf6 28.Rc1 Ke5 29.a7 Nd7 30.b5 d4 31.a4 Ra8 32.Rc7 Kd6 33.Rc6+ Kd5 
34.Rc7 Kd6 35.Rc6+ Kd5 36.Rc7 1/2-1/2

[Event "zonal 1.4"]
[Site "Odorheiu Secuiesc ROM"]
[Date "1995.03.??"]
[Round "3"]
[White "Jansa, Vlastimil"]
[Black "Mrva, Martin"]
[Result "1-0"]
[WhiteElo "2525"]
[BlackElo "2400"]
[EventDate "1995.03.17"]
[PlyCount "81"]

1.e4 c5 2.Nf3 Nc6 3.d4 cxd4 4.Nxd4 Nf6 5.Nc3 g6 6.Nxc6 bxc6 7.e5 Ng8 8.Bc4
Bg7 9.Qf3 f5 10.Bf4 e6 11.O-O-O Qc7 12.h4 Rb8 13.Qg3 Rb4 14.b3 Qa5 15.Kb2 
d5 16.a3 Rb8 17.Be2 Ne7 18.h5 Ba6 19.Bxa6 Qxa6 20.hxg6 Nxg6 21.Rxh7 Kf7 
22.Rdh1 Rxh7 23.Rxh7 Rh8 24.Rxh8 Bxh8 25.Qh2 Bg7 26.Qh5 Qf1 27.Bg3 f4 28.
Bxf4 Qxf2 29.g3 d4 30.Ne4 Qe1 31.Nd6+ Ke7 32.Qxg6 Bxe5 33.Bxe5 Qxe5 34.Nc4
Qd5 35.Qg7+ Kd8 36.Qe5 Ke7 37.Qg7+ Ke8 38.Qh8+ Kf7 39.Qe5 Kg6 40.Qf4 a5 
41.Ne5+ 1-0

[Event "zonal 1.4"]
[Site "Odorheiu Secuiesc ROM"]
[Date "1995.03.??"]
[Round "3"]
[White "Mozny, Milos"]
[Black "Nevednichy, Vladislav"]
[Result "1/2-1/2"]
[WhiteElo "2435"]
[BlackElo "2485"]
[EventDate "1995.03.17"]
[PlyCount "37"]

1.d4 g6 2.Nf3 Bg7 3.g3 d6 4.Bg2 Nf6 5.O-O O-O 6.c4 Nc6 7.Nc3 a6 8.h3 Bd7 
9.Be3 Rb8 10.Rb1 b5 11.cxb5 axb5 12.d5 Na5 13.b4 Nc4 14.Bd4 e5 15.dxe6 
fxe6 16.Nd2 Bh6 17.f4 Nh5 18.Bf2 Bg7 19.Nce4 1/2-1/2

[Event "zonal 1.4"]
[Site "Odorheiu Secuiesc ROM"]
[Date "1995.03.??"]
[Round "4"]
[White "Dumitrache, Dragos"]
[Black "Horvath, Jozsef"]
[Result "1/2-1/2"]
[WhiteElo "2530"]
[BlackElo "2520"]
[EventDate "1995.03.17"]
[PlyCount "97"]

1.d4 Nf6 2.c4 g6 3.Nf3 Bg7 4.g3 d5 5.Bg2 dxc4 6.Na3 c3 7.bxc3 c5 8.O-O O-O
9.e3 Nc6 10.Bb2 Bf5 11.Qe2 e5 12.Nc4 e4 13.Nfe5 Nxe5 14.Nxe5 h5 15.h3 Qc8 
16.Kh2 Nd7 17.Nc4 Qc7 18.Kg1 Rfe8 19.Rfc1 Nb6 20.Qf1 Rac8 21.Ba3 Na4 22.
Nb2 Nxb2 23.Bxb2 Qa5 24.a4 cxd4 25.cxd4 Rxc1 26.Qxc1 Rc8 27.Qd1 Qb4 28.Bc1
Qe7 29.a5 Qe6 30.Kh2 Qd5 31.Ba3 Bd7 32.Bc5 a6 33.Rc1 Bb5 34.Bb6 Rxc1 35.
Qxc1 f5 36.Kg1 Qc4 37.Qxc4+ Bxc4 38.f3 Bd3 39.fxe4 Bxe4 40.Bf1 Bd5 41.Bg2 
Bxg2 42.Kxg2 Kf7 43.Kf3 Ke6 44.e4 fxe4+ 45.Kxe4 Bf6 46.g4 hxg4 47.hxg4 Bh4
48.Bc7 Be1 49.Bb6 1/2-1/2

[Event "zonal 1.4"]
[Site "Odorheiu Secuiesc ROM"]
[Date "1995.03.??"]
[Round "4"]
[White "Gdanski, Jacek"]
[Black "Babula, Vlastimil"]
[Result "1-0"]
[WhiteElo "2490"]
[BlackElo "2530"]
[EventDate "1995.03.17"]
[PlyCount "61"]

1.e4 e6 2.d4 d5 3.Nc3 Nf6 4.Bg5 dxe4 5.Nxe4 Be7 6.Bxf6 gxf6 7.Nf3 b6 8.Bd3
Bb7 9.Qe2 f5 10.Nc3 c6 11.O-O-O Qc7 12.Rhe1 Nd7 13.Kb1 Nf6 14.Ne5 Rf8 15.
d5 Ne4 16.Bxe4 fxe4 17.dxc6 Bxc6 18.Nxc6 Qxc6 19.Nxe4 Rg8 20.g3 Rg6 21.Qh5
h6 22.Qe5 Rg8 23.Qf4 Rg6 24.Nd6+ Bxd6 25.Rxd6 Qc5 26.Rd7 Rg7 27.Red1 Rc8 
28.c3 a5 29.Qxh6 Qf5+ 30.Ka1 Rh7 31.Qd2 1-0

[Event "zonal 1.4"]
[Site "Odorheiu Secuiesc ROM"]
[Date "1995.03.??"]
[Round "4"]
[White "Priehoda, Vitezslav"]
[Black "Jansa, Vlastimil"]
[Result "1-0"]
[WhiteElo "2400"]
[BlackElo "2525"]
[EventDate "1995.03.17"]
[PlyCount "107"]

1.Nf3 d6 2.c4 e5 3.Nc3 f5 4.d4 e4 5.Ng5 c6 6.Nh3 Nf6 7.g3 g6 8.Nf4 Na6 9.
d5 Nc7 10.h4 c5 11.Rb1 Nd7 12.Qa4 Kf7 13.f3 exf3 14.exf3 Ne5 15.Be2 Bg7 
16.O-O h6 17.Qc2 g5 18.Ng2 Ng6 19.h5 Ne7 20.f4 g4 21.Bd3 Rf8 22.Bd2 Ne8 
23.Nh4 Bd4+ 24.Kg2 Ng7 25.Rbe1 Bf6 26.Rh1 Bd7 27.Nd1 Rb8 28.Ne3 Bxh4 29.
Rxh4 Kg8 30.Bc3 b5 31.b3 Rf7 32.Re2 a5 33.Rh1 a4 34.cxb5 Bxb5 35.Bxb5 Rxb5
36.bxa4 Rb8 37.a5 Qd7 38.Qd3 Qa4 39.Nc4 Qd7 40.Nb6 Qb7 41.Rb2 Re8 42.Bxg7 
Kxg7 43.Nc4 Qd7 44.Re1 Nc8 45.Rxe8 Qxe8 46.Re2 Qd8 47.Re6 Rf6 48.Qc3 Kf7 
49.Qe3 Qd7 50.Nb6 Nxb6 51.axb6 Qb5 52.Qb3 Qa6 53.Rxf6+ Kxf6 54.Qb2+ 1-0

[Event "zonal 1.4"]
[Site "Odorheiu Secuiesc ROM"]
[Date "1995.03.??"]
[Round "4"]
[White "Matlak, Marek"]
[Black "Georgiev, Vladimir"]
[Result "1-0"]
[WhiteElo "2465"]
[BlackElo "2450"]
[EventDate "1995.03.17"]
[PlyCount "37"]

1.d4 d5 2.Nf3 Nf6 3.c4 e6 4.e3 Nbd7 5.Nbd2 b6 6.Bd3 Bb7 7.O-O Bd6 8.Qc2 
dxc4 9.Nxc4 Bxf3 10.Nxd6+ cxd6 11.gxf3 O-O 12.Bd2 e5 13.Rac1 Qe7 14.Bf5 g6
15.Bh3 Rfd8 16.Qc6 Nf8 17.dxe5 dxe5 18.Rfd1 Rd6 19.Qxa8 1-0

[Event "zonal 1.4"]
[Site "Odorheiu Secuiesc ROM"]
[Date "1995.03.??"]
[Round "4"]
[White "Manik, Mikulas"]
[Black "Mozny, Milos"]
[Result "1/2-1/2"]
[WhiteElo "2380"]
[BlackElo "2435"]
[EventDate "1995.03.17"]
[PlyCount "96"]

1.e4 c5 2.Nf3 e6 3.d4 cxd4 4.Nxd4 Nf6 5.Nc3 d6 6.g4 e5 7.Bb5+ Bd7 8.Bxd7+ 
Qxd7 9.Nf5 h5 10.gxh5 Nxe4 11.Nxg7+ Bxg7 12.Nxe4 d5 13.h6 dxe4 14.hxg7 
Qxd1+ 15.Kxd1 Rg8 16.Rg1 f6 17.Ke2 Kf7 18.Be3 Nc6 19.Rad1 Rad8 20.Rxd8 
Rxd8 21.Rg4 Rg8 22.Rxe4 Rxg7 23.b4 a6 24.a4 Rh7 25.b5 axb5 26.axb5 Ne7 27.
Ra4 Nd5 28.Ra7 Ke6 29.c4 Nxe3 30.fxe3 e4 31.Kd2 Kd6 32.Kc3 Kc5 33.Ra8 Rxh2
34.Rc8+ Kb6 35.Rf8 Rf2 36.Kb4 Rb2+ 37.Kc3 Rf2 38.Kd4 f5 39.Rf6+ Ka5 40.Kc5
f4 41.exf4 e3 42.Rb6 Rxf4 43.Rxb7 Rf5+ 44.Kd4 Kb4 45.Rd7 Rf4+ 46.Kd5 Rf5+ 
47.Kd4 Rf4+ 48.Kd5 Rf5+ 1/2-1/2

[Event "zonal 1.4"]
[Site "Odorheiu Secuiesc ROM"]
[Date "1995.03.??"]
[Round "5"]
[White "Ionescu, Constantin"]
[Black "Groszpeter, Attila"]
[Result "1-0"]
[WhiteElo "2535"]
[BlackElo "2520"]
[EventDate "1995.03.17"]
[PlyCount "119"]

1.d4 Nf6 2.c4 g6 3.f3 Bg7 4.e4 d6 5.Nc3 O-O 6.Bg5 a6 7.Qd2 Nbd7 8.Nh3 c5 
9.d5 b5 10.Nf2 bxc4 11.Bxc4 Nb6 12.Be2 Bd7 13.O-O Na4 14.Nxa4 Bxa4 15.b4 
cxb4 16.Qxb4 Qd7 17.Rab1 Bb5 18.Bd3 Rfb8 19.Qd2 e6 20.dxe6 Qxe6 21.Rfd1 
Ba4 22.Rdc1 Bb5 23.Rb4 Nd7 24.a4 Bxd3 25.Nxd3 Rxb4 26.Nxb4 Nc5 27.Qd1 Qb3 
28.Qxb3 Nxb3 29.Rc4 Nc5 30.Nc6 h6 31.Be3 Bf8 32.Kf1 Re8 33.Ke2 h5 34.Kd2 
Nb3+ 35.Kd3 Nc5+ 36.Kc2 Nd7 37.Nb4 Ne5 38.Rc7 Rb8 39.Nd5 Bg7 40.Ba7 Ra8 
41.h3 g5 42.Be3 g4 43.hxg4 hxg4 44.f4 Ng6 45.g3 Rb8 46.Bb6 Nf8 47.a5 Ne6 
48.Rc4 Nc5 49.Ne7+ Kh7 50.Nf5 Bf8 51.Bc7 Rb5 52.Bxd6 Ne6 53.Bxf8 Nxf8 54.
Rc7 Kg8 55.Nh6+ Kg7 56.Rxf7+ Kxh6 57.Rxf8 Rxa5 58.Rg8 Ra2+ 59.Kb1 Re2 60.
e5 1-0

[Event "zonal 1.4"]
[Site "Odorheiu Secuiesc ROM"]
[Date "1995.03.??"]
[Round "5"]
[White "Varga, Zoltan"]
[Black "Dumitrache, Dragos"]
[Result "1-0"]
[WhiteElo "2460"]
[BlackElo "2530"]
[EventDate "1995.03.17"]
[PlyCount "109"]

1.e4 c5 2.Nf3 Nc6 3.d4 cxd4 4.Nxd4 e5 5.Nb5 d6 6.N1c3 a6 7.Na3 b5 8.Nd5 
Nf6 9.Bg5 Be7 10.Nxe7 Nxe7 11.Bd3 Bb7 12.Qe2 d5 13.exd5 Qxd5 14.O-O-O Qe6 
15.Rhe1 Nc6 16.f4 Nd7 17.Be4 f6 18.Qh5+ Kf8 19.fxe5 Ndxe5 20.Be3 Na5 21.
Bc5+ Kg8 22.Bf5 Qf7 23.Qh3 Re8 24.Bd7 Nxd7 25.Rxe8+ Qxe8 26.Qxd7 Bc6 27.
Qc7 Nb7 28.Bb4 h5 29.g3 Qe4 30.Bc3 Qe3+ 31.Bd2 Qf3 32.Qb6 Kh7 33.Qxa6 Nc5 
34.Qb6 Ne4 35.Qxc6 Nxd2 36.Qxf3 Nxf3 37.Nxb5 Ra8 38.a3 g5 39.h3 h4 40.Nd4 
Nxd4 41.Rxd4 hxg3 42.Rg4 f5 43.Rxg3 Kh6 44.c4 Kh5 45.b4 Kh4 46.Rd3 g4 47.
hxg4 fxg4 48.Kb2 g3 49.c5 g2 50.Rd1 Rf8 51.Rg1 Kg3 52.c6 Kh2 53.Rxg2+ Kxg2
54.b5 Kf3 55.c7 1-0

[Event "zonal 1.4"]
[Site "Odorheiu Secuiesc ROM"]
[Date "1995.03.??"]
[Round "5"]
[White "Horvath, Csaba"]
[Black "Ninov, Nikolai"]
[Result "1-0"]
[WhiteElo "2500"]
[BlackElo "2435"]
[EventDate "1995.03.17"]
[PlyCount "81"]

1.d4 d5 2.c4 e6 3.Nc3 c6 4.e4 dxe4 5.Nxe4 Bb4+ 6.Bd2 Qxd4 7.Bxb4 Qxe4+ 8.
Ne2 Ne7 9.Qd2 Nd7 10.Bxe7 Kxe7 11.Qg5+ Nf6 12.Qc5+ Ke8 13.O-O-O Nd7 14.Qg5
Qe5 15.Qd2 Qc7 16.g4 h6 17.h4 Nf6 18.Bh3 e5 19.g5 hxg5 20.Bxc8 Rxc8 21.
hxg5 Rxh1 22.Rxh1 Ng8 23.Qe3 Qe7 24.Kb1 Qe6 25.Qxa7 Qf5+ 26.Ka1 Rd8 27.Nc3
Qxg5 28.Qxb7 Qg6 29.Re1 Qe6 30.Qc7 f6 31.Qxg7 Qxc4 32.Rg1 Ne7 33.Qxf6 Qd4 
34.Qe6 Kf8 35.Qh6+ Ke8 36.Qh5+ Kf8 37.Rd1 Qb6 38.Qh8+ Ng8 39.Rg1 Kf7 40.
Qh7+ Ke6 41.Rxg8 1-0

[Event "zonal 1.4"]
[Site "Odorheiu Secuiesc ROM"]
[Date "1995.03.??"]
[Round "5"]
[White "Markowski, Tomasz"]
[Black "Manik, Mikulas"]
[Result "1-0"]
[WhiteElo "2470"]
[BlackElo "2380"]
[EventDate "1995.03.17"]
[PlyCount "69"]

1.Nf3 Nf6 2.e3 g6 3.b3 Bg7 4.Bb2 d6 5.d4 O-O 6.c4 Nbd7 7.Be2 e5 8.Nc3 Re8 
9.Qc2 exd4 10.Nxd4 d5 11.cxd5 Nb6 12.O-O Nbxd5 13.Nxd5 Nxd5 14.Rfd1 c6 15.
Bf3 Qg5 16.Qe2 Nb6 17.Rac1 Bd7 18.b4 Rad8 19.a3 Bc8 20.Nb3 Rxd1+ 21.Rxd1 
Bxb2 22.Qxb2 Nc4 23.Qd4 Ne5 24.Be2 Bh3 25.g3 Bg4 26.Bxg4 Nxg4 27.Nc5 Qh5 
28.h4 Ne5 29.Nd7 Nf3+ 30.Kg2 Re6 31.Qf6 Ne1+ 32.Kg1 Nf3+ 33.Kh1 Re8 34.Qf4
g5 35.Qd6 1-0

[Event "zonal 1.4"]
[Site "Odorheiu Secuiesc ROM"]
[Date "1995.03.??"]
[Round "6"]
[White "Hracek, Zbynek"]
[Black "Istratescu, Andrei"]
[Result "1/2-1/2"]
[WhiteElo "2595"]
[BlackElo "2505"]
[EventDate "1995.03.17"]
[PlyCount "30"]

1.e4 c5 2.c3 d5 3.exd5 Qxd5 4.d4 Nf6 5.Nf3 e6 6.Na3 a6 7.Nc4 Nbd7 8.Bf4 
cxd4 9.Qxd4 Bc5 10.Qxd5 Nxd5 11.Bg3 N7f6 12.Nfd2 O-O 13.a4 Rd8 14.Be2 Bd7 
15.a5 Bb5 1/2-1/2